| 000 | 00654nam a22002175a 4500 | ||
|---|---|---|---|
| 008 | 150624r20132010ii a fr 001 0 eng d | ||
| 020 | _a9789380027791 | ||
| 040 |
_aEG-ScBUE _beng _dEG-ScBUE |
||
| 082 | 0 | 4 |
_222 _bMIS _a621.329 |
| 100 | 1 |
_aMishra, Rajesh. _938571 |
|
| 245 | 1 | 0 |
_aLaser systems and applications / _cRajesh Mishra. |
| 250 | _a2nd ed., Reprint ed. | ||
| 260 |
_aNew Delhi : _bS. K. Kataria & Sons, _c2013. |
||
| 300 |
_a222 p. : _bill. ; _c24 cm. |
||
| 500 | _aIndex : p. 221-222. | ||
| 500 | _aReprinted of the 2010 ed. | ||
| 650 | 7 |
_2BUEsh _96536 _aLasers. |
|
| 651 | _2BUEsh | ||
| 653 |
_bENGELC _cJune2015 _cOctober2015 |
||
| 942 | _2ddc | ||
| 999 |
_c19880 _d19852 |
||